| 000 | 00666cam a2200181Ia 4500 | ||
|---|---|---|---|
| 020 | _a9789251091265 | ||
| 020 | _a9789251091265 | ||
| 040 | _cOHX | ||
| 082 | _a333 FAO 2016 C323 Or. | ||
| 100 | 1 | _aIsubikalu, Prossy, | |
| 245 | 1 | 0 |
_aFARMER FIELD SCHOOL GUIDANCE DOCUMENT : Planning for quality programmes _bfarmer field schools in Uganda / |
| 246 | 1 | 3 | _aFOOD AND AGRICULTURE ORGANIZATION OF THE UNITED NATIONS |
| 260 |
_aWageningen : _bWageningen Academic Publishers, _cc2007 |
||
| 300 |
_a215 p. : _bill., map; _c24 cm |
||
| 500 | _aOriginally presented as the author's thesis (doctoral - Wageningen) | ||
| 650 | 0 | _aAgricultural extension work | |
| 942 | _cAEDBB | ||
| 999 |
_c20651 _d20651 |
||